000 00869nam a22003137a 4500
001 BR2010004027
003 BR-BrBNA
005 20230928103533.0
007 ta
008 230509b bl.||||| |||| 00| 0 por d
040 _aBR-BrBNA
_bpor
_cBiblioteca Nacional de Agricultura
041 _a(Por)
072 _aQ04
090 _ Q04 BR2010004027
100 1 _aRodrigues-Amaya, D.B.
100 1 _aKimura, M.
100 1 _aAmaya-Farfan, J.
245 1 _aFontes brasileiras de carotenóides: tabela brasileira de composição de carotenóides em alimentos
260 3 _aBrasília, DF (Brasil):
_c2008.
300 _a99 p.
500 _a9 illus.; 27 tables.; 129 ref
650 _aCAROTENÓIDE
650 _aAMOSTRAGEM
650 _aBIODIVERSIDADE
650 _aESTOCAGEM
650 _aALIMENTO
909 _a202309
_bLucia
_c55
_dLucia Elande
942 _cBK
999 _c75516
_d75516